[Event "RN-2019-0-01576"]
[Site "LSS email"]
[Date "2019.11.12"]
[Round "?"]
[White "Hickl, Norbert"]
[Black "Neil, Charles"]
[Result "1-0"]
[WhiteElo "917"]
[BlackElo "511"]
[PlyCount "39"]
[EventDate "2019.10.19"]
[EventType "tourn (corr)"]
[EventRounds "6"]
[EventCountry "GER"]
[SourceTitle "Corr 2022"]
[Source "ChessBase"]
[SourceDate "2021.10.24"]
[SourceVersion "1"]
[SourceVersionDate "2021.10.24"]
[SourceQuality "1"]

1. c4 e6 2. g3 d5 3. b3 c6 4. Bb2 Nf6 5. Bg2 Bd6 6. Nf3 Nbd7 7. 0-0 0-0 8. Re1 a6 9. d4 dxc4 10. bxc4 Re8 11. Nc3 e5 12. e3 exd4 13. Qxd4 Nf8 14. Rad1 Qc7 15. c5 Be5 16. Nxe5 Be6 17. Ne4 Nxe4 18. Bxe4 Rad8 19. Nd7 Rxd7 20. Qxg7# 1-0

[Event "SN-2019-0-00995"]
[Site "LSS email"]
[Date "2019.10.30"]
[Round "?"]
[White "Horvath, Peter Gy"]
[Black "Neil, Charles"]
[Result "1-0"]
[WhiteElo "674"]
[BlackElo "515"]
[PlyCount "53"]
[EventDate "2019.10.05"]
[EventType "tourn (corr)"]
[EventRounds "6"]
[EventCountry "GER"]
[SourceTitle "Corr 2022"]
[Source "ChessBase"]
[SourceDate "2021.10.24"]
[SourceVersion "1"]
[SourceVersionDate "2021.10.24"]
[SourceQuality "1"]

1. e4 c5 2. Nf3 d6 3. Bb5+ Bd7 4. Bxd7+ Nxd7 5. d4 cxd4 6. Nxd4 Ngf6 7. Nd2 g6 8. c4 Bg7 9. 0-0 0-0 10. b4 a6 11. Ba3 e5 12. N4f3 Qc7 13. h3 Rfd8 14. Rc1 Rac8 15. Re1 b5 16. cxb5 Qb6 17. bxa6 Qxa6 18. Qb3 Qb5 19. Ng5 d5 20. exd5 Qxd5 21. Nc4 Bh6 22. Red1 Qb5 23. h4 Bf8 24. Nd6 Bxd6 25. Rxc8 Rxc8 26. Rxd6 Nf8 27. Rxf6 1-0

[Event "RN-2019-0-01553"]
[Site "LSS email"]
[Date "2019.08.16"]
[Round "?"]
[White "Hughes, Peter James"]
[Black "Neil, Charles"]
[Result "1/2-1/2"]
[WhiteElo "506"]
[BlackElo "521"]
[PlyCount "52"]
[EventDate "2019.07.23"]
[EventType "tourn (corr)"]
[EventRounds "6"]
[EventCountry "GER"]
[SourceTitle "Corr 2022"]
[Source "ChessBase"]
[SourceDate "2021.10.24"]
[SourceVersion "1"]
[SourceVersionDate "2021.10.24"]
[SourceQuality "1"]

1. e4 e6 2. d4 d5 3. e5 c5 4. c3 Nc6 5. Nf3 cxd4 6. cxd4 Qb6 7. b3 Bb4+ 8. Bd2 Nge7 9. Bd3 Bxd2+ 10. Nbxd2 Nf5 11. 0-0 Nfxd4 12. Re1 Nf5 13. Bxf5 exf5 14. Nh4 0-0 15. Qf3 g6 16. Qxd5 Be6 17. Qf3 Rad8 18. Rad1 Qa5 19. a4 Nxe5 20. Qe3 Ng4 21. Qe2 Qc7 22. Nhf3 Rfe8 23. Qf1 Bd5 24. h3 Bxf3 25. Nxf3 Nf6 26. Nh2 a6 1/2-1/2

[Event "RN-2019-0-01553"]
[Site "LSS email"]
[Date "2019.08.16"]
[Round "?"]
[White "Neil, Charles"]
[Black "Vontina, Maria"]
[Result "0-1"]
[WhiteElo "521"]
[BlackElo "813"]
[PlyCount "90"]
[EventDate "2019.07.23"]
[EventType "tourn (corr)"]
[EventRounds "6"]
[EventCountry "GER"]
[SourceTitle "Corr 2022"]
[Source "ChessBase"]
[SourceDate "2021.10.24"]
[SourceVersion "1"]
[SourceVersionDate "2021.10.24"]
[SourceQuality "1"]

1. d4 d5 2. c4 e6 3. Nf3 Nf6 4. Bg5 Be7 5. e3 0-0 6. Bd3 c6 7. Nc3 dxc4 8. Bxc4 Nbd7 9. Qe2 Nb6 10. Bd3 h6 11. Bh4 Nbd5 12. Nxd5 Nxd5 13. Bxe7 Qxe7 14. 0-0 Nf6 15. a3 c5 16. dxc5 Qxc5 17. Rac1 Qb6 18. b4 Bd7 19. Rfd1 Ba4 20. Bc2 Bxc2 21. Qxc2 Rfd8 22. Qc4 Nd5 23. Nd4 a6 24. Qe2 Rac8 25. Rxc8 Rxc8 26. Qd2 Qc7 27. h3 b5 28. Nb3 Qc3 29. Qxc3 Rxc3 30. Nc5 Rxa3 31. e4 Nxb4 32. Rd6 a5 33. Rb6 Nd3 34. Nxd3 Rxd3 35. Rxb5 Ra3 36. g3 Ra1+ 37. Kg2 a4 38. Ra5 a3 39. Kf3 a2 40. h4 Kf8 41. Ra8+ Ke7 42. g4 Kd6 43. Ra5 g6 44. Kf4 f6 45. f3 e5+ 0-1

[Event "LSS No Engine Cup 192 Preliminary 0"]
[Site "LSS email"]
[Date "2019.08.15"]
[Round "?"]
[White "Raines, David T"]
[Black "Neil, Charles"]
[Result "1-0"]
[WhiteElo "1396"]
[BlackElo "894"]
[PlyCount "79"]
[EventDate "2019.08.16"]
[EventType "tourn (corr)"]
[EventRounds "6"]
[EventCountry "GER"]
[SourceTitle "Corr 2022"]
[Source "ChessBase"]
[SourceDate "2021.10.24"]
[SourceVersion "1"]
[SourceVersionDate "2021.10.24"]
[SourceQuality "1"]

1. d4 d5 2. c4 e6 3. Nc3 Nf6 4. Bg5 Nbd7 5. e3 c6 6. Bd3 Qa5 7. Qd2 dxc4 8. Bxc4 Qxg5 9. f3 Bb4 10. Nh3 Qa5 11. 0-0 Bxc3 12. bxc3 0-0 13. e4 Nb6 14. Bb3 Bd7 15. Rfd1 Rac8 16. e5 Nfd5 17. Rac1 Na8 18. Nf2 Nac7 19. Ne4 c5 20. dxc5 a6 21. c4 Qxd2 22. Rxd2 Bc6 23. cxd5 Nxd5 24. Nd6 Rcd8 25. Kf2 g6 26. Ne4 Kg7 27. Rcd1 a5 28. a4 Rfe8 29. Nf6 Rf8 30. Nxd5 Bxd5 31. Bxd5 exd5 32. Rxd5 Rxd5 33. Rxd5 Rc8 34. Ke3 Rc7 35. Kd4 h5 36. Rd6 Kh6 37. f4 Kg7 38. Kc4 Kh6 39. Kb5 Kg7 40. Kb6 1-0

[Event "ZN-2019-0-04015"]
[Site "LSS email"]
[Date "2019.07.11"]
[Round "?"]
[White "Neil, Charles"]
[Black "Simmons, Ernest"]
[Result "0-1"]
[WhiteElo "510"]
[BlackElo "497"]
[PlyCount "76"]
[EventDate "2019.07.03"]
[EventType "match (corr)"]
[EventRounds "2"]
[EventCountry "GER"]
[SourceTitle "Corr 2022"]
[Source "ChessBase"]
[SourceDate "2021.10.24"]
[SourceVersion "1"]
[SourceVersionDate "2021.10.24"]
[SourceQuality "1"]

1. d4 Nf6 2. Nf3 g6 3. g3 Bg7 4. Bg2 d6 5. 0-0 0-0 6. c3 d5 7. Nbd2 Nc6 8. Re1 Bd7 9. Qc2 Bf5 10. Qb3 b6 11. c4 Na5 12. Qb5 Bd7 13. Qb4 Nc6 14. Qc3 e6 15. cxd5 Nxd5 16. Qb3 Ncb4 17. a3 Nc6 18. e3 Na5 19. Qd1 Bf6 20. Ne4 Bg7 21. Bd2 Nc6 22. b4 b5 23. Nc5 Bc8 24. Rc1 Nce7 25. Qe2 c6 26. e4 Nc7 27. Bc3 Bh6 28. Rcd1 Bg7 29. h3 Na6 30. Nd3 Nc7 31. Nde5 Bb7 32. Nd3 Nc8 33. Nfe5 Nb6 34. Nc5 Rb8 35. Nxb7 Rxb7 36. Nxc6 Qd7 37. d5 Bxc3 38. Qxb5 Nxb5 0-1

[Event "ZN-2019-0-04015"]
[Site "LSS email"]
[Date "2019.07.11"]
[Round "?"]
[White "Simmons, Ernest"]
[Black "Neil, Charles"]
[Result "0-1"]
[WhiteElo "497"]
[BlackElo "510"]
[PlyCount "64"]
[EventDate "2019.07.03"]
[EventType "match (corr)"]
[EventRounds "2"]
[EventCountry "GER"]
[SourceTitle "Corr 2022"]
[Source "ChessBase"]
[SourceDate "2021.10.24"]
[SourceVersion "1"]
[SourceVersionDate "2021.10.24"]
[SourceQuality "1"]

1. d4 Nf6 2. c4 e6 3. Nc3 Bb4 4. Qb3 c5 5. a3 Bxc3+ 6. Qxc3 cxd4 7. Qxd4 d5 8. cxd5 Qa5+ 9. b4 Qxd5 10. Qxd5 Nxd5 11. e3 0-0 12. Nf3 Nd7 13. Bc4 N7f6 14. 0-0 Bd7 15. Rd1 Bc6 16. Ne5 Rac8 17. Bb2 Rfd8 18. h3 a6 19. Bb3 h6 20. Nxc6 Rxc6 21. Rac1 Rxc1 22. Rxc1 Ne4 23. Be5 Nef6 24. Kf1 Kh7 25. Bc2+ Kg8 26. Bb3 Ne4 27. Rc4 Nd2+ 28. Kg1 Nxc4 29. Bxc4 b5 30. Bb3 Ne7 31. Bc2 Rd2 32. Bb3 Rd3 0-1

[Event "SN-2019-0-00979"]
[Site "LSS email"]
[Date "2019.06.24"]
[Round "?"]
[White "Berk, Ozan"]
[Black "Neil, Charles"]
[Result "1-0"]
[WhiteElo "904"]
[BlackElo "476"]
[PlyCount "41"]
[EventDate "2019.05.17"]
[EventType "tourn (corr)"]
[EventRounds "6"]
[EventCountry "GER"]
[SourceTitle "Corr 2022"]
[Source "ChessBase"]
[SourceDate "2021.10.24"]
[SourceVersion "1"]
[SourceVersionDate "2021.10.24"]
[SourceQuality "1"]

1. g3 d5 2. Bg2 Nf6 3. d4 c6 4. Bg5 e6 5. e4 Be7 6. e5 Nbd7 7. exf6 Bxf6 8. Bxf6 Nxf6 9. Nf3 b5 10. 0-0 0-0 11. Nc3 a5 12. Re1 Re8 13. Ne5 b4 14. Na4 Bd7 15. Nc5 Rc8 16. a3 bxa3 17. Rxa3 Re7 18. Qd2 Qb6 19. b3 Rc7 20. Qxa5 Qxa5 21. Rxa5 1-0

[Event "SN-2019-0-00979"]
[Site "LSS email"]
[Date "2019.06.24"]
[Round "?"]
[White "Neil, Charles"]
[Black "Newton, Daryl"]
[Result "1-0"]
[WhiteElo "476"]
[BlackElo "296"]
[PlyCount "75"]
[EventDate "2019.05.17"]
[EventType "tourn (corr)"]
[EventRounds "6"]
[EventCountry "GER"]
[SourceTitle "Corr 2022"]
[Source "ChessBase"]
[SourceDate "2021.10.24"]
[SourceVersion "1"]
[SourceVersionDate "2021.10.24"]
[SourceQuality "1"]

1. d4 d5 2. c4 c6 3. Nf3 Bg4 4. Ne5 Bh5 5. g4 f6 6. Nxc6 Nxc6 7. gxh5 e5 8. e3 Bb4+ 9. Bd2 Nge7 10. Bxb4 Nxb4 11. Qa4+ Nbc6 12. Nc3 Nf5 13. cxd5 exd4 14. dxc6 0-0 15. Qb3+ Kh8 16. exd4 Qe7+ 17. Be2 b6 18. 0-0-0 Rac8 19. d5 Qc5 20. Bg4 Nd4 21. Kb1 Nxb3 22. axb3 Rb8 23. Be6 Qxf2 24. Nb5 Qf4 25. c7 Rbe8 26. d6 Qe4+ 27. Ka2 Qxe6 28. d7 Rc8 29. d8Q h6 30. Qd3 a6 31. Rhe1 Qf7 32. Nd6 Qxc7 33. Nxc8 Qxc8 34. Qg6 a5 35. Re7 Rg8 36. Rdd7 Qf8 37. Qxh6+ gxh6 38. Rh7# 1-0

[Event "LSS No Engine Cup 190 Preliminary 0"]
[Site "LSS email"]
[Date "2019.05.19"]
[Round "?"]
[White "Malyszek, Tomasz"]
[Black "Neil, Charles"]
[Result "1-0"]
[WhiteElo "1217"]
[BlackElo "887"]
[PlyCount "63"]
[EventDate "2019.05.20"]
[EventType "tourn (corr)"]
[EventRounds "6"]
[EventCountry "GER"]
[SourceTitle "Corr 2022"]
[Source "ChessBase"]
[SourceDate "2021.10.24"]
[SourceVersion "1"]
[SourceVersionDate "2021.10.24"]
[SourceQuality "1"]

1. e4 c5 2. Nf3 Nc6 3. Bc4 e6 4. Nc3 a6 5. a4 Qc7 6. 0-0 d6 7. Bb3 Be7 8. d4 cxd4 9. Nxd4 Bd7 10. Nxc6 Bxc6 11. Bf4 Nf6 12. Re1 0-0 13. Qf3 Rac8 14. Qg3 Nh5 15. Qg4 Nxf4 16. Qxf4 Rfd8 17. Ne2 d5 18. Qxc7 Rxc7 19. exd5 Bxd5 20. Bxd5 Rxd5 21. c3 g6 22. Nd4 Kg7 23. Rxe6 Bc5 24. Re4 Rcd7 25. Nc2 Rd2 26. Ne3 Bxe3 27. fxe3 Rxb2 28. Rd4 Rxd4 29. exd4 h5 30. Rd1 Ra2 31. d5 Rxa4 32. d6 1-0

[Event "RN-2019-0-01530"]
[Site "LSS email"]
[Date "2019.05.01"]
[Round "?"]
[White "Bortnicker, Justin"]
[Black "Neil, Charles"]
[Result "0-1"]
[WhiteElo "774"]
[BlackElo "465"]
[PlyCount "58"]
[EventDate "2019.04.12"]
[EventType "tourn (corr)"]
[EventRounds "6"]
[EventCountry "GER"]
[SourceTitle "Corr 2022"]
[Source "ChessBase"]
[SourceDate "2021.10.24"]
[SourceVersion "1"]
[SourceVersionDate "2021.10.24"]
[SourceQuality "1"]

1. d4 Nf6 2. c4 e6 3. Nc3 Bb4 4. Bf4 0-0 5. a3 Bxc3+ 6. bxc3 c5 7. Nf3 Nc6 8. e3 Ne4 9. Bd3 d5 10. cxd5 exd5 11. 0-0 Nf6 12. Qc2 h6 13. h3 cxd4 14. cxd4 Be6 15. Ne5 Rc8 16. Qb1 Qe7 17. Rc1 a6 18. Qb6 Nxe5 19. Bxe5 Rxc1+ 20. Rxc1 Qxa3 21. Rd1 Qa4 22. Rb1 Nd7 23. Qxb7 Nxe5 24. Bxa6 Ng6 25. Be2 Qc2 26. Bf3 Nh4 27. Bd1 Qg6 28. g4 Qe4 29. f3 Qxe3+ 0-1

[Event "RN-2019-0-01524"]
[Site "LSS email"]
[Date "2019.04.06"]
[Round "?"]
[White "Amuso, Jose Alberto"]
[Black "Neil, Charles"]
[Result "0-1"]
[WhiteElo "789"]
[BlackElo "463"]
[PlyCount "76"]
[EventDate "2019.03.26"]
[EventType "tourn (corr)"]
[EventRounds "6"]
[EventCountry "GER"]
[SourceTitle "Corr 2022"]
[Source "ChessBase"]
[SourceDate "2021.10.24"]
[SourceVersion "1"]
[SourceVersionDate "2021.10.24"]
[SourceQuality "1"]

1. Nf3 d5 2. Nc3 Nf6 3. d4 e6 4. a3 c5 5. e3 Nc6 6. Bb5 Bd7 7. 0-0 cxd4 8. Nxd4 Bc5 9. Bxc6 bxc6 10. Nf3 0-0 11. Ne5 Rb8 12. b4 Be7 13. Nxd7 Qxd7 14. Re1 c5 15. b5 Rb6 16. a4 Rfb8 17. Ne2 c4 18. Nd4 a6 19. Nc6 axb5 20. Nxb8 Rxb8 21. Bb2 Ne4 22. f3 Nd6 23. f4 bxa4 24. Ba3 Ne4 25. Bxe7 Qxe7 26. Rxa4 f5 27. Qd4 Qh4 28. Rea1 Qf2+ 29. Kh1 Qxc2 30. h4 Nf2+ 31. Kh2 Ng4+ 32. Kg3 Qf2+ 33. Kh3 Rb2 34. Ra8+ Kf7 35. R1a7+ Kg6 36. Qxg7+ Kh5 37. Qxh7+ Nh6 38. Qg7 Qxh4# 0-1

[Event "RN-2019-0-01522"]
[Site "LSS email"]
[Date "2019.03.31"]
[Round "?"]
[White "Neil, Charles"]
[Black "Evtyugin, Yury Alekseevich"]
[Result "1-0"]
[WhiteElo "457"]
[BlackElo "957"]
[PlyCount "131"]
[EventDate "2019.03.17"]
[EventType "tourn (corr)"]
[EventRounds "6"]
[EventCountry "GER"]
[SourceTitle "Corr 2022"]
[Source "ChessBase"]
[SourceDate "2021.10.24"]
[SourceVersion "1"]
[SourceVersionDate "2021.10.24"]
[SourceQuality "1"]

1. d4 d5 2. c4 e6 3. Nc3 Nf6 4. Bg5 h6 5. Bxf6 gxf6 6. cxd5 exd5 7. e3 Bb4 8. Bd3 Be6 9. Nf3 c6 10. Rc1 Nd7 11. 0-0 Qe7 12. a3 Ba5 13. Qa4 Bb6 14. Qd1 Bg4 15. h3 Bh5 16. g4 Bg6 17. b4 h5 18. a4 hxg4 19. hxg4 Qe6 20. Ne1 0-0-0 21. b5 c5 22. Be2 c4 23. Ng2 Bc7 24. Bf3 Bd3 25. Re1 Rh6 26. Bxd5 Qd6 27. Nf4 Nb6 28. Bxf7 Rdh8 29. Nxd3 Rh1+ 30. Kg2 Qh2+ 31. Kf3 Qh3+ 32. Ke2 Rxe1+ 33. Nxe1 Qxg4+ 34. Kd2 Qh4 35. Nf3 Qxf2+ 36. Qe2 Qg3 37. Rg1 Qd6 38. Rg8+ Rxg8 39. Bxg8 Qa3 40. Be6+ Kd8 41. Qd1 Qe7 42. Bf5 Bd6 43. Qg1 Bb4 44. Qg8+ Kc7 45. Qg3+ Qd6 46. Qg7+ Kb8 47. Qg8+ Kc7 48. Qf7+ Qe7 49. Qxe7+ Bxe7 50. Be6 Bb4 51. Kc2 Kd6 52. Bg8 a6 53. bxa6 bxa6 54. Ne4+ Ke7 55. Nc5 a5 56. Nb7 Kf8 57. Be6 Ke7 58. d5 Nxa4 59. Nd4 Nc5 60. Nxc5 Bxc5 61. Kc3 a4 62. e4 a3 63. Nc2 Kd6 64. Kxc4 a2 65. Kb3 Ke5 66. Bf5 1-0

[Event "RN-2019-0-01522"]
[Site "LSS email"]
[Date "2019.03.31"]
[Round "?"]
[White "Neil, Charles"]
[Black "Kuttner, Jaromir"]
[Result "1-0"]
[WhiteElo "457"]
[BlackElo "857"]
[PlyCount "85"]
[EventDate "2019.03.17"]
[EventType "tourn (corr)"]
[EventRounds "6"]
[EventCountry "GER"]
[SourceTitle "Corr 2022"]
[Source "ChessBase"]
[SourceDate "2021.10.24"]
[SourceVersion "1"]
[SourceVersionDate "2021.10.24"]
[SourceQuality "1"]

1. e4 d5 2. exd5 Qxd5 3. Nc3 Qa5 4. d4 c6 5. Bc4 Bf5 6. Nf3 e6 7. 0-0 Nf6 8. Re1 Bb4 9. Bd2 Bxc3 10. Bxc3 Qc7 11. Ne5 Nbd7 12. a4 0-0 13. Bd2 Rad8 14. Bf4 Nb6 15. Bb3 Nbd5 16. Bd2 Ne4 17. Be3 f6 18. Bxd5 exd5 19. Nd3 b6 20. c3 c5 21. Rc1 Qc6 22. Nf4 c4 23. Ra1 Rde8 24. Qh5 Re7 25. a5 g5 26. Ne2 Rg7 27. axb6 axb6 28. Qf3 Qc8 29. h3 g4 30. hxg4 Bxg4 31. Qf4 Bh3 32. g3 Rg4 33. Qh6 Ng5 34. Ra7 Rf7 35. Rxf7 Nf3+ 36. Kh1 Kxf7 37. Ra1 Rg6 38. Qxh7+ Ke6 39. Qxh3+ f5 40. Nf4+ Kf6 41. Nxg6 Kxg6 42. Qh6+ Kf7 43. Ra7+ 1-0

[Event "SN-2019-0-00966"]
[Site "LSS email"]
[Date "2019.03.27"]
[Round "?"]
[White "Neil, Charles"]
[Black "Lombardi, Donato"]
[Result "0-1"]
[WhiteElo "460"]
[BlackElo "773"]
[PlyCount "66"]
[EventDate "2019.02.21"]
[EventType "tourn (corr)"]
[EventRounds "6"]
[EventCountry "GER"]
[SourceTitle "Corr 2022"]
[Source "ChessBase"]
[SourceDate "2021.10.24"]
[SourceVersion "1"]
[SourceVersionDate "2021.10.24"]
[SourceQuality "1"]

1. d4 e5 2. dxe5 Nc6 3. e4 Nxe5 4. Qd5 d6 5. Nc3 Nf6 6. Qd1 Be7 7. Bf4 0-0 8. Bxe5 dxe5 9. Bd3 Be6 10. a3 c6 11. Nf3 Qc7 12. 0-0 Rad8 13. Qe2 Rfe8 14. Rfe1 a6 15. Rad1 b5 16. b4 c5 17. bxc5 Bxc5 18. h3 Bxf2+ 19. Qxf2 Qxc3 20. Ra1 Bc4 21. Qb6 Bxd3 22. cxd3 Rxd3 23. Rac1 Qxa3 24. Qb7 h6 25. Qc6 b4 26. Qc4 Rc3 27. Rxc3 bxc3 28. Rc1 Qxc1+ 29. Kh2 Qf4+ 30. Kg1 Qe3+ 31. Kh2 Qxe4 32. Qxc3 Qf4+ 33. Kg1 e4 0-1

[Event "SN-2019-0-00965"]
[Site "LSS email"]
[Date "2019.03.23"]
[Round "?"]
[White "Neil, Charles"]
[Black "Vontina, Maria"]
[Result "0-1"]
[WhiteElo "456"]
[BlackElo "816"]
[PlyCount "46"]
[EventDate "2019.02.10"]
[EventType "tourn (corr)"]
[EventRounds "6"]
[EventCountry "GER"]
[SourceTitle "Corr 2022"]
[Source "ChessBase"]
[SourceDate "2021.10.24"]
[SourceVersion "1"]
[SourceVersionDate "2021.10.24"]
[SourceQuality "1"]

1. e4 e6 2. d4 d5 3. exd5 exd5 4. Bd3 Nf6 5. c4 Be7 6. Nc3 0-0 7. Nf3 Bg4 8. cxd5 Nxd5 9. 0-0 Nf6 10. Be3 Nbd7 11. h3 Bh5 12. g4 Bg6 13. Bxg6 hxg6 14. Qd2 Nb6 15. Ne5 Nfd5 16. a3 Nxe3 17. Qxe3 Bf6 18. f4 Nd5 19. Rae1 Nxe3 20. Rxe3 Qxd4 21. Nd1 g5 22. Nf3 Qb6 23. Kg2 gxf4 0-1